| 000 | 02455nam a22002897a 4500 | ||
|---|---|---|---|
| 005 | 20240305165633.0 | ||
| 007 | cr|||| |||| | ||
| 008 | 220517s2021 ea |||||s|||| 00||0 spa d | ||
| 020 | _a978-84-124109-5-2 | ||
| 035 | _a35651 | ||
| 040 | _avLex | ||
| 090 |
_c13357 _d13357 |
||
| 100 | 1 | _aFernández Prol, Francisca | |
| 245 | 1 | 3 |
_aLos desafíos de la pesca sostenible _h[Recurso electrónico] : _bdiagnóstico y propuestas desde una óptica jurídica / _cFrancisca Fernández Prol |
| 256 | _aServicio en línea | ||
| 260 |
_aBarcelona: _bJ.M. Bosch Editor, _c2021 |
||
| 300 | _a1 recurso electrónico | ||
| 500 | _aEsta obra recoge las reflexiones de un nutrido grupo de juristas en torno a los retos planteados por el proceso de transformación del sector marítimo-pesquero en actividad sostenible, desde una perspectiva medio-ambiental, empresarial y social. En la misma, expertos en varias disciplinas jurídicas Derecho Internacional Público, Derecho Internacional Privado y Derecho del Trabajo y de la Seguridad Social abordan, en el marco del Proyecto Europeo Jean Monnet «Une vision européenne des océans et des mers: pêche maritime et croissance durable», los grandes desafíos de la anhelada sostenibilidad transversal en la pesca: el impacto del cambio climático, la protección de la biodiversidad marina, la pesca ilegal, la piratería marítima, la protección de la seguridad y salud de los pescadores, el reto del empleo estable y sujeto a condiciones laborales justas y el empoderamiento de las mujeres en un ámbito tradicionalmente masculinizado. Identificadas y analizadas exhaustivamente las problemáticas, los autores efectúan propuestas a menudo, de lege ferenda para la construcción de nuevo marco jurídico que contribuya a aunar crecimiento económico, cuidado del medio ambiente y trabajo decente e inclusivo. | ||
| 506 | 1 |
_aDisponible solo en los productos indicados _dvLex Global _dvLex Global (Academic Edition, excluding Law Schools) _dvLex Global (U.S. Academic Edition, Law Schools) _dvLex Global (U.S. Academic Edition, excluding Law Schools) _dvLex Global (Academic Edition, Law Schools) |
|
| 650 | 0 | 4 |
_aDerecho Laboral y Seguridad Social _zEspaña |
| 650 | 0 | 4 |
_aPesca _zEspaña |
| 650 | 0 | 4 |
_aDerecho del Medio Ambiente _zEspaña |
| 650 | 0 | 4 |
_aDerecho Internacional _zEspaña |
| 740 | 0 | _avLex Libros (Servicio en línea) | |
| 856 | 4 | 0 | _uhttps://app.vlex.com/#/sources/35651 |
| 942 | _cRAA | ||
| 999 |
_c171593 _d171593 |
||